000 00493nam a2200193Ia 4500
003 OSt
005 20260225102201.0
008 210210b1991 xxu||||| |||| 00| 0 eng d
040 _cAL
041 _ahin
082 _a861/194
100 _aTRIPATI (Ram Naresh):
_9200059
110 _bत्रिपाठी राम नरेश
_9200060
245 _aMansi
_bमानसी
260 _aIllahbad
_b-
_c1991
690 _aHindi Poetry
_9200061
906 _a023214
942 _2ddc
_cBK
999 _c148144
_d148144